[Event "Lazy Baltic Pearl op-A 21st"]
[Site "Lazy"]
[Date "2025.07.05"]
[Round "6"]
[White "Rak, Tomasz"]
[Black "Dziuba, Michal"]
[Result "0-1"]
[WhiteElo "1944"]
[BlackElo "1853"]
[PlyCount "104"]
[EventDate "2025.06.30"]
[EventType "swiss"]
[EventRounds "9"]
[EventCountry "POL"]
[SourceTitle "CB28_2025"]
[SourceDate "2025.07.09"]
[SourceVersion "1"]
[SourceVersionDate "2025.07.09"]
[SourceQuality "1"]

1. Nf3 d5 2. d4 Nf6 3. Bf4 c5 4. e3 Nc6 5. Nbd2 cxd4 6. exd4 Bf5 7. c3 e6 8. Ne5 Bd6 9. Bg3 0-0 10. f4 Qc7 11. Be2 Rab8 12. 0-0 b5 13. a3 a5 14. Be1 b4 15. axb4 axb4 16. g4 Be4 17. g5 Nd7 18. Nxe4 dxe4 19. Bg4 bxc3 20. bxc3 Ncxe5 21. fxe5 Be7 22. h4 Nb6 23. Rf4 e3 24. Qf3 Nc4 25. Kh2 Ba3 26. h5 g6 27. Bg3 Bb2 28. Ra6 Rb6 29. Ra8 Rxa8 30. Qxa8+ Rb8 31. Qe4 Qb7 32. Qd3 Qc6 33. Bf3 Qb5 34. Be2 Rc8 35. Rf6 Kg7 36. Bf3 Bc1 37. Kh3 e2 38. Bxe2 Bxg5 39. Qf3 Qd7 40. Bh4 Bd2 41. Bf2 Nxe5 42. Qe4 Rxc3+ 43. Kg2 Nc6 44. Rf3 Rxf3 45. Bxf3 Ne7 46. Bg3 Nf5 47. Bf2 Bc3 48. d5 exd5 49. Qxd5 Qxd5 50. Bxd5 Bd4 51. hxg6 hxg6 52. Be4 Bxf2 0-1

[Event "POL-chT U20 1st League"]
[Site "Chotowa"]
[Date "2025.06.18"]
[Round "5.15"]
[White "Dziuba, Michal"]
[Black "Chmielek, Milan"]
[Result "1/2-1/2"]
[WhiteElo "1827"]
[BlackElo "1944"]
[PlyCount "72"]
[EventDate "2025.06.14"]
[EventType "team-swiss"]
[EventRounds "9"]
[EventCountry "POL"]
[SourceTitle "CB26_2025"]
[SourceDate "2025.06.25"]
[SourceVersion "1"]
[SourceVersionDate "2025.06.25"]
[SourceQuality "1"]
[WhiteTeam "Wieliczka MOS"]
[BlackTeam "Myślenice"]
[WhiteTeamCountry "POL"]
[BlackTeamCountry "POL"]

1. e4 e5 2. f4 Bc5 3. Nf3 d6 4. Nc3 Nc6 5. Na4 Bb6 6. Nxb6 axb6 7. Bb5 Bg4 8. 0-0 Nf6 9. d3 0-0 10. Bxc6 bxc6 11. h3 Bxf3 12. Qxf3 Nd7 13. fxe5 Nxe5 14. Qg3 Ng6 15. Bf4 Qe7 16. a3 Ra5 17. Rae1 Nxf4 18. Qxf4 Qg5 19. Qxg5 Rxg5 20. Rf5 Rg6 21. g4 Re6 22. Kf2 Rfe8 23. Rf3 f6 24. Rfe3 Kf7 25. a4 c5 26. b3 c6 27. Kf3 Ra8 28. c3 b5 29. Ra1 bxa4 30. bxa4 d5 31. h4 Re7 32. exd5 cxd5 33. Rxe7+ Kxe7 34. a5 Ra6 35. Kf4 g6 36. g5 Ke6 1/2-1/2

[Event "POL-chT U20 1st League"]
[Site "Chotowa"]
[Date "2025.06.15"]
[Round "2.15"]
[White "Dziuba, Michal"]
[Black "Smejda, Hubert"]
[Result "1-0"]
[WhiteElo "1827"]
[BlackElo "1576"]
[PlyCount "53"]
[EventDate "2025.06.14"]
[EventType "team-swiss"]
[EventRounds "9"]
[EventCountry "POL"]
[SourceTitle "CB26_2025"]
[SourceDate "2025.06.25"]
[SourceVersion "1"]
[SourceVersionDate "2025.06.25"]
[SourceQuality "1"]
[WhiteTeam "Wieliczka MOS"]
[BlackTeam "Bełchatow Jedynka"]
[WhiteTeamCountry "POL"]
[BlackTeamCountry "POL"]

1. e4 c5 2. Nf3 e6 3. d4 cxd4 4. Nxd4 Nc6 5. Nc3 Qc7 6. Ndb5 Qb8 7. Be3 d6 8. Qd2 a6 9. Bb6 axb5 10. Nxb5 Bd7 11. Nc7+ Ke7 12. 0-0-0 Kf6 13. Qf4+ Kg6 14. Qg3+ Kf6 15. e5+ Nxe5 16. f4 g6 17. fxe5+ Kg7 18. exd6 Rxa2 19. Kb1 Ra7 20. Qe5+ f6 21. Nxe6+ Kf7 22. Ng5+ Kg7 23. Bxa7 Qxa7 24. Qc3 Nh6 25. Qc7 Qa4 26. Ne6+ Kg8 27. Nc5 1-0